[Event "C.to Europeo U18"]
[Site "Fermo ITA"]
[Date "2009.09.09"]
[Round "9"]
[White "Zupec, Jan"]
[Black "Torres Ventosa, Pedro Eugenio"]
[Result "0-1"]
[WhiteElo "1976"]
[BlackElo "2135"]
[PlyCount "107"]
[EventDate "2009.08.31"]

1. d4 Nf6 2. Bf4 d5 3. e3 g6 4. h3 Bg7 5. Nf3 O-O 6. Bd3 b6 7. Nbd2 Bb7 8. c3
c5 9. O-O Nbd7 10. b4 Ne4 11. bxc5 bxc5 12. Qb1 Nxd2 13. Nxd2 Qb6 14. a4 e5 15.
a5 Qxb1 16. Raxb1 Bc6 17. dxe5 Bxe5 18. Bxe5 Nxe5 19. Bb5 Rfb8 20. Be2 Rd8 21.
Nf3 f6 22. Rb2 Rab8 23. Rfb1 Rxb2 24. Rxb2 Kg7 25. Kf1 Nf7 26. c4 dxc4 27. Bxc4
Nd6 28. Rd2 Kf8 29. Be2 Ke7 30. Ne1 Rb8 31. Rc2 c4 32. f4 Ba4 33. Rc1 Rb2 34.
Nf3 Nf5 35. Kf2 Bb5 36. e4 Nd6 37. Ke3 Ra2 38. Rc3 Nxe4 39. Kxe4 Rxe2+ 40. Kd5
Rxg2 41. Nd4 Rb2 42. Re3+ Kd7 43. Kc5 a6 44. Kb6 f5 45. Nxb5 Rxb5+ 46. Kxa6 Rb3
47. Re5 Kd6 48. Re8 c3 49. Rc8 Kd5 50. Ka7 Ke4 51. a6 Kd3 52. h4 c2 53. h5 Rc3
54. Rxc3+ 0-1

[Event "C.to Europeo U18 femminile"]
[Site "Fermo ITA"]
[Date "2009.08.31"]
[Round "1"]
[White "Andrenko, Irina"]
[Black "Thorsteinsdottir, Hallgerdur"]
[Result "1-0"]
[WhiteElo "2184"]
[BlackElo "1941"]
[PlyCount "59"]
[EventDate "2009.08.31"]

1. e4 c6 2. d4 d5 3. Nc3 dxe4 4. Nxe4 Bf5 5. Ng3 Bg6 6. h4 h6 7. Nf3 Nd7 8. h5
Bh7 9. Bd3 Bxd3 10. Qxd3 e6 11. Bd2 Ngf6 12. O-O-O Be7 13. c4 O-O 14. Ne4 Nxe4
15. Qxe4 Nf6 16. Qe2 a6 17. g4 Nh7 18. Rhg1 Ng5 19. Nxg5 Bxg5 20. f4 Bf6 21.
Be3 b5 22. g5 hxg5 23. fxg5 Be7 24. g6 Qa5 25. h6 Qxa2 26. hxg7 Rfb8 27. gxf7+
Kxf7 28. Qh5+ Kg8 29. Qh8+ Kf7 30. g8=Q+ 1-0

[Event "C.to Europeo U18 femminile"]
[Site "Fermo ITA"]
[Date "2009.08.31"]
[Round "1"]
[White "Boric, Masa"]
[Black "Labedz, Patrycja"]
[Result "0-1"]
[WhiteElo "1671"]
[BlackElo "2044"]
[PlyCount "112"]
[EventDate "2009.08.31"]

1. d4 d5 2. Nf3 Nf6 3. Bf4 Bf5 4. e3 e6 5. Bd3 Bxd3 6. Qxd3 c6 7. Nbd2 Nbd7 8.
h3 Qb6 9. Qb3 c5 10. Qxb6 axb6 11. c3 c4 12. O-O b5 13. a3 Nb6 14. Rfe1 Ne4 15.
Nxe4 dxe4 16. Ng5 Na4 17. Rab1 Bxa3 18. Nxe4 Nxb2 19. Nd6+ Bxd6 20. Rxb2 Bxf4
21. exf4 Ra3 22. Rxb5 Rxc3 23. Rxb7 O-O 24. Rc7 h6 25. Rb1 Rc2 26. Rb4 Ra8 27.
Rbb7 Rf8 28. g3 c3 29. Kg2 Rc1 30. Rb3 c2 31. Rbc3 Rd1 32. Rxc2 Rxd4 33. Rc8
Rxc8 34. Rxc8+ Kh7 35. Rc5 Kg6 36. Kf3 f5 37. Re5 Kf6 38. Re3 g5 39. fxg5+ hxg5
40. Kg2 f4 41. Re2 Rd3 42. f3 e5 43. Re4 Rd2+ 44. Kg1 fxg3 45. Rg4 Kf5 46. Rxg3
Kf4 47. Rg2 Rd3 48. Rg4+ Kxf3 49. Rxg5 Rd1+ 50. Kh2 Rd2+ 51. Kh1 e4 52. h4 e3
53. Rf5+ Kg3 54. Rg5+ Kh3 55. h5 Rd1+ 56. Rg1 e2 0-1

[Event "C.to Europeo U18 femminile"]
[Site "Fermo ITA"]
[Date "2009.08.31"]
[Round "1"]
[White "Braggaar, Leonore"]
[Black "Dorici, Alice"]
[Result "1-0"]
[WhiteElo "2043"]
[BlackElo "1528"]
[PlyCount "57"]
[EventDate "2009.08.31"]

1. e4 e5 2. Nf3 Nc6 3. d4 exd4 4. Nxd4 Bc5 5. Be3 Bb6 6. c3 d6 7. Bc4 Nge7 8.
O-O O-O 9. Nd2 Ne5 10. Be2 c6 11. f4 Nd7 12. Qe1 Nf6 13. f5 d5 14. e5 Ne4 15.
f6 Ng6 16. Nxe4 dxe4 17. Qg3 Bc7 18. Bf4 gxf6 19. exf6 Bxf4 20. Rxf4 Qd5 21.
Raf1 Kh8 22. Nf5 Qe5 23. Ne7 Be6 24. Nxg6+ fxg6 25. Qe3 Bd5 26. c4 Bf7 27. Rxe4
Qxb2 28. Qh6 Rg8 29. Rh4 1-0

[Event "C.to Europeo U18 femminile"]
[Site "Fermo ITA"]
[Date "2009.08.31"]
[Round "1"]
[White "Dudas, Eszter"]
[Black "Thilaganathan, Jessica"]
[Result "1/2-1/2"]
[WhiteElo "2141"]
[BlackElo "1899"]
[PlyCount "78"]
[EventDate "2009.08.31"]

1. e4 e6 2. d4 d5 3. Nd2 dxe4 4. Nxe4 Bd7 5. Bd3 Bc6 6. Nf3 Nd7 7. Qe2 Ngf6 8.
Neg5 Bd6 9. Ne5 O-O 10. O-O h6 11. Nxc6 bxc6 12. Ne4 c5 13. dxc5 Nxc5 14. Nxc5
Bxc5 15. Bf4 Qe7 16. Bg3 Nd5 17. c4 Nf6 18. Rad1 Rad8 19. a3 Bd4 20. Be5 c5 21.
Bc2 Bxe5 22. Qxe5 Qb7 23. b3 Qc6 24. h3 a5 25. Rfe1 Rfe8 26. Kh1 Qb6 27. f4 Qc6
28. Qc3 Qc7 29. Qf3 Rxd1 30. Rxd1 e5 31. fxe5 Qxe5 32. Rf1 Qe2 33. Bd3 Qxf3 34.
Rxf3 Re5 35. Kg1 Kf8 36. Kf2 Ke7 37. Bc2 Kd7 38. Rd3+ Ke7 39. Rd1 g5 1/2-1/2

[Event "C.to Europeo U18 femminile"]
[Site "Fermo ITA"]
[Date "2009.08.31"]
[Round "1"]
[White "Goossens, Hanne"]
[Black "Kulon, Klaudia"]
[Result "0-1"]
[WhiteElo "1963"]
[BlackElo "2251"]
[PlyCount "96"]
[EventDate "2009.08.31"]

1. e4 e5 2. Nc3 Nc6 3. g3 Bc5 4. Bg2 d6 5. Na4 Bb6 6. h3 Nge7 7. Ne2 O-O 8. O-O
f5 9. Nxb6 axb6 10. d4 fxe4 11. d5 Nb4 12. Nc3 Bf5 13. Be3 Ra5 14. Bxe4 Bxe4
15. Nxe4 Nbxd5 16. Bd2 Ra8 17. c4 Nf6 18. Nxf6+ Rxf6 19. Bg5 Rf7 20. f4 h6 21.
Bh4 exf4 22. Rxf4 Rxf4 23. gxf4 Qd7 24. Qg4 Nf5 25. Bf2 Qf7 26. a3 Ne7 27. Re1
Nc6 28. Re4 Re8 29. Rxe8+ Qxe8 30. Qf3 Qf7 31. b3 Na5 32. Kh1 Qf5 33. Bg1 g5
34. Qe3 gxf4 35. Qe8+ Kh7 36. Qe7+ Kg6 37. Qe8+ Kg5 38. Qg8+ Kh5 39. Qe8+ Kh4
40. Qe1+ Kxh3 41. Bf2 Kg4 42. Qg1+ Kh5 43. Qg2 f3 44. Qh2+ Kg6 45. Qg3+ Kf7 46.
Qh2 h5 47. Qg3 Qg4 48. Kh2 Kg6 0-1

[Event "C.to Europeo U18 femminile"]
[Site "Fermo ITA"]
[Date "2009.08.31"]
[Round "1"]
[White "Guadamuro Torrente, Anabel"]
[Black "Reginato, Sabrina"]
[Result "1-0"]
[WhiteElo "2136"]
[BlackElo "1880"]
[PlyCount "86"]
[EventDate "2009.08.31"]

1. e4 c5 2. Nf3 a6 3. Nc3 e6 4. g3 b5 5. Bg2 Bb7 6. d3 Nf6 7. O-O Be7 8. h4 d5
9. exd5 Nxd5 10. Ne4 Nd7 11. Nfg5 h6 12. Nh3 Qb6 13. c4 Nb4 14. Bf4 Rd8 15. a3
Nc6 16. Qg4 g6 17. Rad1 Nd4 18. Rde1 h5 19. Qd1 bxc4 20. dxc4 Bxe4 21. Bxe4
Qxb2 22. Ng5 O-O 23. Qd3 f5 24. Bg2 Rf6 25. Bc7 Rc8 26. Nxe6 Nxe6 27. Rxe6 Rxe6
28. Qxd7 Rxc7 29. Qxe6+ Kg7 30. Bd5 Bf6 31. Qg8+ Kh6 32. Bf7 Bg7 33. Re1 Rc6
34. Qe8 Qf6 35. Bg8 f4 36. gxf4 Rd6 37. Qe5 Bf8 38. Bd5 Kh7 39. Qg5 Qg7 40. Kg2
Rf6 41. Rb1 Rd6 42. Be4 Be7 43. Qxh5+ Qh6 1-0

[Event "C.to Europeo U18 femminile"]
[Site "Fermo ITA"]
[Date "2009.08.31"]
[Round "1"]
[White "Helgadottir, Sigridur Bjorg"]
[Black "Uta, Adeline-Ramona"]
[Result "0-1"]
[WhiteElo "1712"]
[BlackElo "2076"]
[PlyCount "46"]
[EventDate "2009.08.31"]

1. c4 c5 2. Nc3 b6 3. Nf3 Bb7 4. e3 Nf6 5. Be2 g6 6. O-O Bg7 7. d4 cxd4 8. exd4
d5 9. Bf4 O-O 10. Rc1 Nc6 11. cxd5 Nxd5 12. Nxd5 Qxd5 13. Bc4 Qf5 14. Qd2 Rad8
15. d5 Na5 16. d6 Nxc4 17. Rxc4 Ba6 18. Nd4 Bxd4 19. Rxd4 e5 20. Bxe5 Bxf1 21.
Qe1 Bb5 22. Bf4 Qc2 23. Re4 Bd3 0-1

[Event "C.to Europeo U18 femminile"]
[Site "Fermo ITA"]
[Date "2009.08.31"]
[Round "1"]
[White "Homiakova, Elena"]
[Black "Milcova, Zuzana"]
[Result "1-0"]
[WhiteElo "2123"]
[BlackElo "1833"]
[PlyCount "51"]
[EventDate "2009.08.31"]

1. e4 d5 2. exd5 Nf6 3. c4 e6 4. dxe6 Bxe6 5. d4 Bb4+ 6. Nc3 Qe7 7. Be3 Nc6 8.
Be2 Ne4 9. Qc1 Bf5 10. Nf3 O-O 11. O-O Nxc3 12. bxc3 Ba3 13. Qd2 b6 14. Ne1 h6
15. Bf3 Ne5 16. Bd5 c6 17. dxe5 cxd5 18. Bd4 dxc4 19. Qe2 Be6 20. Nc2 Bc5 21.
a4 g5 22. a5 Qb7 23. axb6 Bxb6 24. Rfb1 Bf5 25. Qxc4 Qc7 26. Qa6 1-0

[Event "C.to Europeo U18 femminile"]
[Site "Fermo ITA"]
[Date "2009.08.31"]
[Round "1"]
[White "Hortensius, Lisa"]
[Black "Savina, Anastasia"]
[Result "0-1"]
[WhiteElo "2033"]
[BlackElo "2382"]
[PlyCount "103"]
[EventDate "2009.08.31"]

1. e4 c5 2. Nf3 Nc6 3. d4 cxd4 4. Nxd4 Nf6 5. Nc3 e5 6. Ndb5 d6 7. Bg5 a6 8.
Na3 b5 9. Nd5 Be7 10. Bxf6 Bxf6 11. c3 Bg5 12. Nc2 Ne7 13. Ncb4 O-O 14. a4 bxa4
15. Rxa4 a5 16. Nxe7+ Qxe7 17. Nd5 Qb7 18. Ra2 f5 19. Bc4 Kh8 20. exf5 Bxf5 21.
O-O Rac8 22. b3 Qa7 23. Qh5 Bd8 24. Rd1 Bg6 25. Qh3 Bb6 26. Nxb6 Qxb6 27. Qe6
Rcd8 28. Qd5 a4 29. Rxa4 Qxf2+ 30. Kh1 Qc2 31. Qd2 d5 32. Ba6 Qxb3 33. Raa1 d4
34. cxd4 Rxd4 35. Qe1 Re4 36. Qd2 Ref4 37. Rf1 h6 38. Rxf4 exf4 39. Be2 Be4 40.
Rf1 Qb7 41. Bf3 Bxf3 42. gxf3 Qb5 43. Rg1 Qb3 44. Qg2 Qc3 45. Qg4 Qe5 46. Qh4
Rb8 47. Qg4 Rb2 48. Qc8+ Kh7 49. Qg4 Qb5 50. Rf1 Rd2 51. Qh3 Rd1 52. Kg1 0-1

[Event "C.to Europeo U18 femminile"]
[Site "Fermo ITA"]
[Date "2009.08.31"]
[Round "1"]
[White "Jorgensen, Line Jin"]
[Black "Jussupow, Ekaterina"]
[Result "0-1"]
[WhiteElo "1924"]
[BlackElo "2179"]
[PlyCount "76"]
[EventDate "2009.08.31"]

1. d4 Nf6 2. c4 e6 3. Nf3 d5 4. Nc3 Be7 5. Bg5 h6 6. Bh4 O-O 7. e3 b6 8. cxd5
Nxd5 9. Bxe7 Qxe7 10. Nxd5 exd5 11. Bd3 Bg4 12. O-O Nd7 13. h3 Be6 14. Rc1 c5
15. b3 a5 16. Bb5 Rfc8 17. Re1 Nf6 18. Ne5 Qd6 19. Qe2 Ne4 20. Qb2 Rc7 21. f3
Ng5 22. h4 Nh7 23. a4 Rac8 24. Ba6 Rd8 25. Bb5 Nf8 26. Kf2 f6 27. Nd3 Ng6 28.
h5 Nh4 29. Rh1 Nf5 30. f4 c4 31. bxc4 dxc4 32. Qc3 Qd5 33. e4 Qxe4 34. Rhe1
Qxd4+ 35. Qxd4 Nxd4 36. Nb2 Nxb5 37. Rxe6 Rd2+ 38. Kg3 Nd4 0-1

[Event "C.to Europeo U18 femminile"]
[Site "Fermo ITA"]
[Date "2009.08.31"]
[Round "1"]
[White "Kaya, Emel"]
[Black "Ni, Viktorija"]
[Result "0-1"]
[WhiteElo "1909"]
[BlackElo "2151"]
[PlyCount "76"]
[EventDate "2009.08.31"]

1. e4 c5 2. Nf3 e6 3. d4 cxd4 4. Nxd4 a6 5. Nc3 Qc7 6. g3 Nf6 7. Bg2 Nc6 8.
Nxc6 bxc6 9. O-O d5 10. Re1 Be7 11. Bf4 Qa7 12. Qe2 d4 13. e5 Nd5 14. Ne4 Rb8
15. c4 Nxf4 16. gxf4 c5 17. b3 a5 18. Qg4 g6 19. Qe2 Bb7 20. Bh3 Qb6 21. Rad1
h5 22. Rd3 Qc6 23. Bg2 Qc7 24. Qd2 Bc6 25. Nd6+ Bxd6 26. exd6 Qxd6 27. Bxc6+
Qxc6 28. Qxa5 O-O 29. Re5 Rfe8 30. Qe1 Ra8 31. Qe2 Ra3 32. h3 Rea8 33. Qf3 Qb6
34. Qe4 Rxa2 35. Rg3 Kf8 36. Rgg5 Qxb3 37. Rxe6 Qxh3 38. f3 Qh2+ 0-1

[Event "C.to Europeo U18 femminile"]
[Site "Fermo ITA"]
[Date "2009.08.31"]
[Round "1"]
[White "Korchagina, Viktoria"]
[Black "Sargsyan, Shushanna"]
[Result "1-0"]
[WhiteElo "2166"]
[BlackElo "1916"]
[PlyCount "37"]
[EventDate "2009.08.31"]

1. e4 e6 2. d4 d5 3. Nc3 Nf6 4. Bg5 Be7 5. e5 Nfd7 6. Bxe7 Qxe7 7. f4 a6 8. Nf3
c5 9. Qd2 Nc6 10. dxc5 Qxc5 11. O-O-O b5 12. Kb1 Nb6 13. Bd3 Nc4 14. Bxc4 bxc4
15. f5 Rb8 16. Rhf1 Qa3 17. b3 h6 18. Nd4 cxb3 19. Nxb3 1-0

[Event "C.to Europeo U18 femminile"]
[Site "Fermo ITA"]
[Date "2009.08.31"]
[Round "1"]
[White "Kosturska, Yoana"]
[Black "Olsarova, Tereza"]
[Result "0-1"]
[WhiteElo "1849"]
[BlackElo "2127"]
[PlyCount "52"]
[EventDate "2009.08.31"]

1. e4 e5 2. Nf3 Nc6 3. Nc3 Bb4 4. d4 exd4 5. Nxd4 Qe7 6. Qd3 d5 7. f3 Nf6 8.
Bg5 Ne5 9. Qb5+ c6 10. Bxf6 gxf6 11. Qa4 O-O 12. O-O-O Bxc3 13. bxc3 b5 14. Qb3
c5 15. Qxd5 cxd4 16. cxd4 Qa3+ 17. Kd2 Be6 18. Qxb5 Rab8 19. Qa6 Qb4+ 20. Ke3
Qc3+ 21. Bd3 Nc4+ 22. Kf2 Qxd4+ 23. Kg3 Ne3 24. Rde1 Kh8 25. Re2 Rg8+ 26. Kf2
Rxg2+ 0-1

[Event "C.to Europeo U18 femminile"]
[Site "Fermo ITA"]
[Date "2009.08.31"]
[Round "1"]
[White "Manelidou, Maria"]
[Black "Girya, Olga"]
[Result "0-1"]
[WhiteElo "2008"]
[BlackElo "2266"]
[PlyCount "112"]
[EventDate "2009.08.31"]

1. e4 c5 2. Nf3 Nc6 3. Bb5 Nf6 4. Nc3 Qc7 5. Qe2 Nd4 6. Nxd4 cxd4 7. Nd5 Nxd5
8. exd5 a6 9. Bd3 e6 10. b3 b5 11. Bb2 Bc5 12. Qg4 Qe5+ 13. Kf1 f5 14. Qg3 Qxd5
15. Qxg7 Rf8 16. Re1 Bb7 17. Be2 O-O-O 18. Bf3 Qd6 19. Bxb7+ Kxb7 20. Qg3 Rc8
21. Qxd6 Bxd6 22. Rc1 d3 23. cxd3 Be5 24. Ba3 b4 25. Re1 Bd6 26. Bc1 Rc2 27.
Ke2 Rxa2 28. h3 a5 29. d4 a4 30. bxa4 b3 31. Kd3 b2 32. Bxb2 Rxb2 33. Rb1 Rxb1
34. Rxb1+ Kc6 35. a5 Ra8 36. Rb6+ Kc7 37. Rb5 h5 38. Ke3 h4 39. d5 e5 40. d4 e4
41. g3 hxg3 42. fxg3 Rh8 43. a6 Rxh3 44. Rb7+ Kc8 45. Rb6 Rxg3+ 46. Ke2 Bc7 47.
Rf6 Ra3 48. Rxf5 Rxa6 49. Ke3 Bb6 50. Rf4 Ra4 51. Rxe4 Kc7 52. Rh4 Ba7 53. Kd3
Kd6 54. Rh6+ Kxd5 55. Rh5+ Kc6 56. Rh4 Rxd4+ 0-1

[Event "C.to Europeo U18 femminile"]
[Site "Fermo ITA"]
[Date "2009.08.31"]
[Round "1"]
[White "Misovic, Sanja"]
[Black "Skinke, Katrina"]
[Result "0-1"]
[WhiteElo "1943"]
[BlackElo "2200"]
[PlyCount "92"]
[EventDate "2009.08.31"]

1. d4 Nf6 2. c4 g6 3. Nc3 Bg7 4. e4 d6 5. f3 Nbd7 6. Bg5 c5 7. d5 a6 8. Nh3 Rb8
9. Be2 Qa5 10. a4 O-O 11. O-O Re8 12. Nf2 Qb6 13. Qd2 Ne5 14. a5 Qc7 15. Na4
Ned7 16. Rab1 b5 17. axb6 Nxb6 18. Nxb6 Qxb6 19. Nd3 Nd7 20. Be3 Qb3 21. Nc1
Qb7 22. Nd3 Qb3 23. Nc1 Qa4 24. b3 Qa3 25. f4 Nf6 26. e5 Ng4 27. Bxg4 Bxg4 28.
Qf2 Bf5 29. Rb2 Qa5 30. Ra2 Qb6 31. Re1 Rec8 32. Bd2 e6 33. Bc3 h5 34. b4 exd5
35. cxd5 Qb7 36. bxc5 Rxc5 37. Rb2 Qxd5 38. Bb4 Rc4 39. Rd2 Qc6 40. Rxd6 Qc7
41. Bd2 Bf8 42. Rxa6 Bc5 43. Be3 Bxe3 44. Qxe3 Rc3 45. Qd2 Rc2 46. Qe3 Qb7 0-1

[Event "C.to Europeo U18 femminile"]
[Site "Fermo ITA"]
[Date "2009.08.31"]
[Round "1"]
[White "Officer, Amy"]
[Black "Agrest, Inna"]
[Result "0-1"]
[WhiteElo "1823"]
[BlackElo "2120"]
[PlyCount "43"]
[EventDate "2009.08.31"]

1. e4 e5 2. Nf3 Nc6 3. Bb5 f5 4. d3 fxe4 5. dxe4 Nf6 6. O-O Bc5 7. Nc3 d6 8.
Qe2 Bd7 9. Be3 Bb6 10. Rad1 O-O 11. h3 Kh8 12. Bc4 Qe8 13. Kh1 Qh5 14. Nh2 Qg6
15. Bd3 Nd4 16. Qd2 Rae8 17. Rfe1 Nh5 18. Nd5 Bc6 19. Nf3 Nf4 20. Nh4 Qh5 21.
Nf5 Nxd3 22. cxd3 0-1

[Event "C.to Europeo U18 femminile"]
[Site "Fermo ITA"]
[Date "2009.08.31"]
[Round "1"]
[White "Repina, Varvara"]
[Black "Bucar, Natasa"]
[Result "1-0"]
[WhiteElo "2264"]
[BlackElo "1988"]
[PlyCount "75"]
[EventDate "2009.08.31"]

1. d4 Nf6 2. c4 g6 3. Nf3 Bg7 4. g3 d5 5. Bg2 O-O 6. O-O Nc6 7. cxd5 Nxd5 8.
Nc3 Nb6 9. e3 e5 10. d5 Na5 11. e4 c5 12. b3 Re8 13. Bg5 f6 14. Be3 Bf8 15. Qe2
a6 16. Nd2 Bd7 17. f4 Nc8 18. fxe5 fxe5 19. Qf2 b6 20. h4 Nd6 21. Bg5 Qc7 22.
Bf6 Bg4 23. Nd1 Nf7 24. Ne3 Nh6 25. Bg5 Bd7 26. Rad1 Bg7 27. d6 Qa7 28. Nd5 Rf8
29. Nf3 Nc6 30. Ne7+ Kh8 31. Nxc6 Bxc6 32. d7 Nf7 33. Be7 Rg8 34. Bh3 Nd8 35.
Ng5 Qb7 36. Bxd8 Rgxd8 37. Nf7+ Kg8 38. Be6 1-0

[Event "C.to Europeo U18 femminile"]
[Site "Fermo ITA"]
[Date "2009.08.31"]
[Round "1"]
[White "Richard, Emma"]
[Black "Landl, Margot"]
[Result "1-0"]
[WhiteElo "2091"]
[BlackElo "1771"]
[PlyCount "63"]
[EventDate "2009.08.31"]

1. e4 c6 2. Nc3 d5 3. Nf3 Bg4 4. h3 Bxf3 5. Qxf3 e6 6. g3 Nf6 7. exd5 exd5 8.
Bg2 Bd6 9. O-O O-O 10. d3 Qc7 11. Ne2 Nbd7 12. Nd4 Rfe8 13. Nf5 Nc5 14. Bg5
Ncd7 15. Rfe1 Rad8 16. c4 Ne5 17. Qd1 dxc4 18. Bxf6 gxf6 19. Rxe5 Rxe5 20. Qg4+
Kf8 21. dxc4 Ke8 22. h4 Bf8 23. Bh3 Qa5 24. Ne3 h5 25. Qf3 Be7 26. a3 Rd3 27.
Bf5 Rd2 28. Qxh5 Qc5 29. Re1 Qd4 30. Qh8+ Bf8 31. Qxf6 Rxe3 32. Rxe3+ 1-0

[Event "C.to Europeo U18 femminile"]
[Site "Fermo ITA"]
[Date "2009.08.31"]
[Round "1"]
[White "Semenova, Elena"]
[Black "Lisac, Tihana"]
[Result "1-0"]
[WhiteElo "2115"]
[BlackElo "1788"]
[PlyCount "37"]
[EventDate "2009.08.31"]

1. e4 c5 2. Nf3 Nc6 3. Bb5 g6 4. O-O Bg7 5. c3 e5 6. d4 exd4 7. cxd4 Nxd4 8.
Nxd4 cxd4 9. Bf4 Qb6 10. Na3 Qf6 11. Bc7 Ne7 12. e5 Qf5 13. Bd3 Qe6 14. Bc4 Qf5
15. Nb5 Bxe5 16. Bxe5 Qxe5 17. Re1 Qc5 18. b4 Qc6 19. Qe2 1-0

[Event "C.to Europeo U18 femminile"]
[Site "Fermo ITA"]
[Date "2009.08.31"]
[Round "1"]
[White "Tanacs, Anna"]
[Black "Narva, Ann"]
[Result "1-0"]
[WhiteElo "2073"]
[BlackElo "1689"]
[PlyCount "53"]
[EventDate "2009.08.31"]

1. d4 f5 2. Nf3 g6 3. g3 Bg7 4. Bg2 d6 5. c4 Nf6 6. O-O O-O 7. Qb3 Kh8 8. Ng5
Nc6 9. d5 Nb8 10. Be3 Ng4 11. Bd2 Na6 12. Bc3 Nf6 13. Qc2 h6 14. Nf3 Nc5 15.
Nbd2 Rb8 16. b4 Nce4 17. Bd4 a6 18. Bb2 Nxd2 19. Nxd2 e5 20. dxe6 Bxe6 21. Rac1
c6 22. e4 Qd7 23. Rfd1 Kh7 24. exf5 Bxf5 25. Nb3 Qf7 26. Bc3 Rbd8 27. Bd4 {...}
1-0

[Event "C.to Europeo U18 femminile"]
[Site "Fermo ITA"]
[Date "2009.08.31"]
[Round "1"]
[White "Tsatsalashvili, Keti"]
[Black "Zier, Verena"]
[Result "1-0"]
[WhiteElo "2255"]
[BlackElo "1982"]
[PlyCount "125"]
[EventDate "2009.08.31"]

1. d4 d5 2. c4 e6 3. Nf3 Nf6 4. Bg5 Be7 5. e3 O-O 6. Nc3 h6 7. Bh4 b6 8. Bd3
dxc4 9. Bxc4 Bb7 10. O-O Nbd7 11. Qe2 Ne4 12. Nxe4 Bxe4 13. Bg3 Bd6 14. Bxd6
cxd6 15. Ba6 Nb8 16. Bb5 a6 17. Ba4 Ra7 18. Rfd1 Ba8 19. Bb3 d5 20. Rac1 Rc7
21. Ne5 Bb7 22. Nd3 Qd6 23. Rxc7 Qxc7 24. Rc1 Nc6 25. Qc2 Qd6 26. h3 Rc8 27.
Qd2 Ne7 28. Bc2 Ng6 29. a3 Nf8 30. Ba4 Rc7 31. Rc3 Nd7 32. Bxd7 Rxc3 33. Qxc3
Qxd7 34. Qb4 Qc7 35. Ne5 Qc1+ 36. Kh2 Qc7 37. g3 h5 38. h4 Qd8 39. Qd2 Qe8 40.
Qe2 g6 41. Qf3 Kg7 42. Qf4 Qe7 43. b4 Bc8 44. Nd3 Bb7 45. Qb8 Qd7 46. Nf4 a5
47. b5 Qe7 48. a4 f6 49. Nxe6+ Qxe6 50. Qxb7+ Kg8 51. Kg1 Qd6 52. Qc8+ Kg7 53.
Qe8 Qc7 54. Qc6 Qd8 55. e4 dxe4 56. Qxe4 Qd6 57. Qb7+ Kg8 58. d5 Qe5 59. Qxb6
Qxd5 60. Qxa5 Qd1+ 61. Kh2 Qd4 62. Qa8+ Kg7 63. Kg2 1-0

[Event "C.to Europeo U18 femminile"]
[Site "Fermo ITA"]
[Date "2009.08.31"]
[Round "1"]
[White "Van Orsouw, Svenja"]
[Black "Iordanidou, Zoi"]
[Result "1-0"]
[WhiteElo "1781"]
[BlackElo "2115"]
[PlyCount "101"]
[EventDate "2009.08.31"]

1. e4 d5 2. exd5 Qxd5 3. Nc3 Qa5 4. d4 Nf6 5. Bd2 c6 6. Bc4 Bf5 7. Qe2 Nbd7 8.
d5 Qc7 9. dxc6 bxc6 10. Nf3 Bg4 11. h3 Bxf3 12. Qxf3 Ne5 13. Qf4 e6 14. Bb3 Bd6
15. Qa4 O-O 16. O-O-O Ned7 17. Ne4 Nxe4 18. Qxe4 Nc5 19. Qg4 Nxb3+ 20. axb3 Be5
21. Rhe1 Bf6 22. Qf4 Qb6 23. Re4 a5 24. Be3 Qb5 25. Ra4 Rfd8 26. Rxd8+ Rxd8 27.
Qc4 Qh5 28. Qg4 Qe5 29. c3 Qd5 30. Rc4 Rb8 31. Kc2 Qb5 32. b4 Qa4+ 33. Kb1 Qb3
34. Rxc6 axb4 35. Qc4 Qxc4 36. Rxc4 bxc3 37. b4 Kf8 38. Kc2 Ra8 39. Kb3 Ra1 40.
Bc5+ Ke8 41. g4 Rh1 42. Kc2 Re1 43. b5 Re2+ 44. Kc1 Rb2 45. b6 Kd7 46. f4 g5
47. Be3 h6 48. Rc7+ Ke8 49. fxg5 Bxg5 50. Bxg5 hxg5 51. b7 1-0

[Event "C.to Europeo U18 femminile"]
[Site "Fermo ITA"]
[Date "2009.08.31"]
[Round "1"]
[White "Zalimaite, Ieva"]
[Black "Eric, Jovana"]
[Result "0-1"]
[WhiteElo "1883"]
[BlackElo "2137"]
[PlyCount "24"]
[EventDate "2009.08.31"]

1. e4 e5 2. g3 Nf6 3. Bg2 d5 4. exd5 Nxd5 5. Nc3 Nb6 6. d3 Be7 7. Nf3 Nc6 8.
O-O O-O 9. Be3 Bg4 10. Rc1 f5 11. Bxb6 axb6 12. a3 Bf6 0-1

[Event "C.to Europeo U18 femminile"]
[Site "Fermo ITA"]
[Date "2009.09.01"]
[Round "2"]
[White "Agrest, Inna"]
[Black "Tsatsalashvili, Keti"]
[Result "0-1"]
[WhiteElo "2120"]
[BlackElo "2255"]
[PlyCount "98"]
[EventDate "2009.08.31"]

1. e4 c6 2. d4 d5 3. Nc3 dxe4 4. Nxe4 Bf5 5. Ng3 Bg6 6. Nf3 e6 7. Ne5 Nd7 8.
Nxg6 hxg6 9. Bd3 Qc7 10. Qf3 Ngf6 11. Bd2 O-O-O 12. O-O-O Nb6 13. c3 Kb8 14.
Kb1 Ka8 15. Bg5 Be7 16. h4 Rdf8 17. c4 Nh5 18. Bxe7 Qxe7 19. Ne4 Nf6 20. Nc3
Rd8 21. Qf4 Rd7 22. g4 Rhd8 23. Be2 c5 24. g5 Nh5 25. Qe5 cxd4 26. Nb5 f6 27.
Qe4 e5 28. c5 Qxc5 29. Rc1 Qe7 30. Rh3 f5 31. Qc2 a6 32. Qd2 Rc8 33. Rxc8+ Nxc8
34. Qc2 Kb8 35. Na3 e4 36. Qd2 d3 37. Bd1 Qc5 38. Rh1 Nb6 39. Bb3 Qd6 40. Rc1
Nf4 41. Bd1 Ne6 42. Ka1 Qf4 43. Nb1 Qxd2 44. Nxd2 Rc7 45. Rb1 Nd4 46. b3 Nd5
47. Nc4 f4 48. Bg4 e3 49. Ne5 d2 0-1

[Event "C.to Europeo U18 femminile"]
[Site "Fermo ITA"]
[Date "2009.09.01"]
[Round "2"]
[White "Babei, Angelica"]
[Black "Kaya, Emel"]
[Result "1-0"]
[WhiteElo "2015"]
[BlackElo "1909"]
[PlyCount "97"]
[EventDate "2009.08.31"]

1. e4 c5 2. Nc3 g6 3. d3 Bg7 4. f4 Nc6 5. Nf3 e6 6. g3 Nge7 7. Bg2 d6 8. O-O
O-O 9. Ne2 Rb8 10. c3 b5 11. Be3 b4 12. d4 bxc3 13. bxc3 cxd4 14. cxd4 Ba6 15.
Re1 Qa5 16. Nc1 Rfc8 17. Nb3 Qa4 18. e5 Nf5 19. Bf2 d5 20. g4 Nfe7 21. Qd2 Nb4
22. Nc5 Qa3 23. Re3 Qa5 24. Rb1 Bc4 25. Be1 Nec6 26. a3 Nd3 27. Rxb8 Rxb8 28.
Qxa5 Nxa5 29. Bxa5 Nxf4 30. Bf1 Bf8 31. Nd7 Rb1 32. Nd2 Rd1 33. Nxc4 dxc4 34.
Nxf8 Kxf8 35. Bb4+ Ke8 36. Re1 Rxd4 37. Bc3 Rd5 38. Re4 Nd3 39. Rd4 Rc5 40.
Bxd3 cxd3 41. Rxd3 a5 42. Kf2 h5 43. gxh5 gxh5 44. Ke3 Rc4 45. Bxa5 Rh4 46.
Rd8+ Ke7 47. Rd2 Rh3+ 48. Kd4 f6 49. Bb4+ 1-0

[Event "C.to Europeo U18 femminile"]
[Site "Fermo ITA"]
[Date "2009.09.01"]
[Round "2"]
[White "Brunello, Roberta"]
[Black "Officer, Amy"]
[Result "1-0"]
[WhiteElo "1956"]
[BlackElo "1823"]
[PlyCount "61"]
[EventDate "2009.08.31"]

1. e4 c5 2. c3 Nf6 3. e5 Nd5 4. d4 e6 5. Nf3 cxd4 6. cxd4 Nc6 7. Nc3 d6 8. Bd3
Nxc3 9. bxc3 Qa5 10. O-O dxe5 11. Nxe5 Nxe5 12. dxe5 Qxe5 13. Re1 Qa5 14. Qg4
Bd7 15. Bg5 Bd6 16. Re3 Rc8 17. Rae1 h5 18. Qh4 Rxc3 19. Qd4 Bc5 20. Qxg7 Rf8
21. Bb5 Rxe3 22. Rxe3 Qxb5 23. Re1 Qa5 24. Rc1 Bc6 25. Qf6 Rg8 26. h4 Kd7 27.
Qxf7+ Kc8 28. Qxg8+ Kd7 29. Qf7+ Kc8 30. Qxe6+ Bd7 31. Qg8+ 1-0

[Event "C.to Europeo U18 femminile"]
[Site "Fermo ITA"]
[Date "2009.09.01"]
[Round "2"]
[White "Bucar, Natasa"]
[Black "Zalimaite, Ieva"]
[Result "1/2-1/2"]
[WhiteElo "1988"]
[BlackElo "1883"]
[PlyCount "106"]
[EventDate "2009.08.31"]

1. e4 e6 2. d4 d5 3. Nd2 c5 4. exd5 Qxd5 5. Ngf3 cxd4 6. Bc4 Qd6 7. O-O Nf6 8.
Nb3 Nc6 9. Nbxd4 Nxd4 10. Nxd4 a6 11. Bb3 Qc7 12. Qf3 Bd6 13. Kh1 Bd7 14. Bg5
Be5 15. Rfd1 h6 16. Bh4 O-O-O 17. Qe2 g5 18. Bg3 Bxg3 19. fxg3 h5 20. Rd3 Kb8
21. Rf1 Rh6 22. Nf3 h4 23. Ne5 hxg3 24. Rxg3 Rdh8 25. h3 g4 26. Rc3 Bc6 27.
Nxc6+ bxc6 28. Qxa6 gxh3 29. g3 Ne4 30. Bxe6 Nxc3 31. Rxf7 Rxe6 32. Rxc7 Re1+
33. Kh2 Re2+ 34. Qxe2 Nxe2 35. Rxc6 Nxg3 36. Rf6 Ne4 37. Rf3 Kc7 38. Rxh3 Rb8
39. b3 Kc6 40. Kg2 Kc5 41. Rh7 Kd4 42. Rd7+ Kc3 43. Re7 Rg8+ 44. Kh2 Nd2 45.
Rc7+ Kb2 46. a4 Nxb3 47. cxb3 Kxb3 48. a5 Kb4 49. a6 Kb5 50. a7 Kb6 51. Rg7 Ra8
52. Kg3 Rxa7 53. Rxa7 Kxa7 1/2-1/2